000 00636nam a22001817a 4500
003 UA-OsUOA
001 10754
007 ta
008 20050203b un ||||| |||| 00| 0 ukr d
100 _aБариніна-Закірова М.В.
942 _cSA
040 _aUA-OsUOA
_cUA-OsUOA
_dUA-OsUOA
245 _aДеякі проблеми нормативно-правового характеру у сфері державного фінансового контролю.
300 _aС.145-154
955 _a0
773 0 _w0
_tФінанси України
_dКиїв
_d2005
_g№1
650 7 _aФінансовий контроль
_2UDC
999 _c296915
_d296915